| 000 | 00000nas 2200000zi 4500 |
| 001 | 9.912614 |
| 003 | CaOODSP |
| 005 | 20241209094159 |
| 006 | m o d f |
| 007 | cr ||||||||||| |
| 008 | 220622c20139999oncar p o f0###b0fre|d |
| 022 | |a2816-6582 |
| 040 | |aCaOODSP|bfre|erda|cCaOODSP |
| 043 | |an-cn--- |
| 086 | 1 |aNS1-41/1F-PDF |
| 110 | 2 |aConseil de recherches en sciences naturelles et en génie du Canada.|eauteur, |eorganisme de publication. |
| 222 | 0|aRapport annuel de ... du Conseil de recherches en sciences naturelles et en génie du Canada (CRSNG) concernant la Loi sur l'accès à l'information |
| 245 | 10|aRapport annuel de ... du Conseil de recherches en sciences naturelles et en génie du Canada (CRSNG) concernant la Loi sur l'accès à l'information. |
| 246 | 30|aLoi sur l'accès à l'information |
| 246 | 1 |iLes livraisons de 2016/2017- comportent le titre : |aRapport annuel de ... concernant la Loi sur l'accès à l'information |
| 264 | 1|a[Ottawa] : |bConseil de recherches en sciences naturelles et en génie du Canada, |c[2013]- |
| 310 | |aAnnuel |
| 336 | |atexte|btxt|2rdacontent/fre |
| 337 | |ainformatique|bc|2rdamedia/fre |
| 338 | |aressource en ligne|bcr|2rdacarrier/fre |
| 362 | 1 |aParaît depuis : 2012/2013. |
| 500 | |aPublié aussi en anglais sous le titre : Annual report. Access to Information Act. |
| 588 | |aDescription d'après : 2012/2013. |
| 588 | |aDernière livraison consultée : 2020/2021. |
| 610 | 26|aConseil de recherches en sciences naturelles et en génie du Canada |vPériodiques. |
| 610 | 16|aCanada. |tLoi sur l'accès à l'information|vPériodiques. |
| 650 | 6|aInformation sur l'État|zCanada|vPériodiques. |
| 650 | 6|aLiberté d'information|zCanada|vPériodiques. |
| 655 | 7|aPériodiques|2rvmgf |
| 775 | 08|tAnnual report. |w(CaOODSP)9.913114 |
| 780 | 00|tAnnual report ... = |w(CaOODSP)9.913115 |